[Event "Steyr Landesliga 2122"]
[Site "Austria"]
[Date "2022.03.19"]
[Round "4.1"]
[White "Schnider, Gert"]
[Black "Rieger, Robert"]
[Result "0-1"]
[WhiteElo "2415"]
[BlackElo "2340"]
[PlyCount "150"]
[EventDate "2021.10.16"]
[EventType "team-tourn"]
[EventRounds "11"]
[EventCountry "AUT"]
[SourceTitle "EXT 2023"]
[Source "ChessBase"]
[SourceDate "2022.10.05"]
[SourceVersion "1"]
[SourceVersionDate "2022.10.05"]
[SourceQuality "1"]
[WhiteTeam "Feldbach Kirchberg"]
[BlackTeam "Graz Schachgesellschaft"]
[WhiteTeamCountry "AUT"]
[BlackTeamCountry "AUT"]

1. d4 d5 2. c4 c6 3. cxd5 cxd5 4. Bg5 Qb6 5. Nc3 h6 6. Bh4 e6 7. Qd2 Ne7 8. f3 Nf5 9. Bf2 Bb4 10. e3 Bxc3 11. Qxc3 0-0 12. Bd3 Nd6 13. Ne2 Bd7 14. Qc5 Qxc5 15. dxc5 Nc4 16. 0-0-0 Ne5 17. Bc2 b6 18. e4 dxe4 19. Bxe4 Bc6 20. Bc2 bxc5 21. Bxc5 Rc8 22. Bd4 Nc4 23. Kb1 Nd7 24. Bb3 Ndb6 25. Nc3 Rab8 26. Ka1 a5 27. Rhe1 a4 28. Bc2 Be8 29. Rc1 e5 30. Bxe5 Nxe5 31. Rxe5 Nc4 32. Re2 Nxb2 33. Bf5 Rc5 34. Rxb2 Rxb2 35. Kxb2 Rxf5 36. Ne4 Rd5 37. Rc5 Rd4 38. Kc3 Rd1 39. Kb4 Kh7 40. Nc3 Rd2 41. Re5 Rd4+ 42. Kc5 Rd8 43. Re4 Rc8+ 44. Kb4 f6 45. h4 Bf7 46. a3 f5 47. Rd4 Rb8+ 48. Nb5 Bb3 49. h5 Re8 50. Nc3 Rb8+ 51. Nb5 Re8 52. Rf4 Re2 53. Nd4 Rxg2 54. Nxb3 axb3 55. Kxb3 Rg5 56. a4 Rxh5 57. a5 Rh1 58. a6 Rb1+ 59. Ka4 Kg6 60. Ka5 Rb8 61. a7 Ra8 62. Kb6 Kg5 63. Ra4 h5 64. Kb7 Rxa7+ 65. Kxa7 h4 66. Kb6 h3 67. Kc5 h2 68. Ra1 Kf4 69. Rh1 Kg3 70. Kd4 Kg2 71. Ra1 h1Q 72. Rxh1 Kxh1 73. Ke5 g6 74. Kf6 Kg2 75. Kxg6 f4 0-1

[Event "EU-ch qual Online"]
[Site "Tornelo INT"]
[Date "2020.12.18"]
[Round "5"]
[White "Rieger, Robert"]
[Black "Kolosowski, Mateusz"]
[Result "1-0"]
[WhiteElo "2326"]
[BlackElo "2448"]
[PlyCount "61"]
[EventDate "2020.12.18"]
[EventType "swiss"]
[EventRounds "11"]
[EventCountry "POL"]
[SourceTitle "CBM 199 Extra"]
[Source "ChessBase"]
[SourceDate "2021.01.31"]
[SourceVersion "1"]
[SourceVersionDate "2021.01.31"]
[SourceQuality "1"]

1. e4 e5 2. Nf3 Nc6 3. d4 exd4 4. Nxd4 Qf6 5. c3 Bc5 6. Be3 Nge7 7. Be2 Qg6 8. Nd2 d5 9. Bf3 Bxd4 10. cxd4 dxe4 11. Nxe4 0-0 12. Qa4 Bf5 13. Ng3 Bc2 14. Qa3 Rad8 15. 0-0 Rfe8 16. Rac1 Nd5 17. Qc5 Nxe3 18. fxe3 Rxe3 19. Qxc2 Nxd4 20. Qxg6 hxg6 21. Bxb7 Ne6 22. Bf3 Rd2 23. Rf2 Rd4 24. Re2 Red3 25. Rce1 a5 26. h3 a4 27. Bg4 Nf4 28. Re8+ Kh7 29. Bf3 f6 30. Ne2 Rd6 31. Nxf4 1-0

[Event "AUT-ch Zwisch Internet"]
[Site "Playchess.com INT"]
[Date "2020.05.02"]
[Round "12"]
[White "Rieger, Robert"]
[Black "Peyrer, Konstantin"]
[Result "1-0"]
[WhiteElo "2307"]
[BlackElo "2265"]
[PlyCount "67"]
[EventDate "2020.05.02"]
[EventType "swiss (blitz)"]
[EventRounds "13"]
[EventCountry "AUT"]
[SourceTitle "CBM 195 Extra"]
[Source "ChessBase"]
[SourceDate "2020.05.31"]
[SourceVersion "1"]
[SourceVersionDate "2020.05.31"]
[SourceQuality "1"]

1. e4 d5 2. exd5 Qxd5 3. Nc3 Qe6+ 4. Be2 Qg6 5. g3 Nc6 6. Nb5 Nb4 7. Nxc7+ Kd8 8. Nxa8 Nxc2+ 9. Kf1 Nxa1 10. Qa4 Nf6 11. d3 Nd7 12. Qa5+ b6 13. Qxa7 Qc6 14. Be3 Qb7 15. Bxb6+ Nxb6 16. Qxb6+ Qxb6 17. Nxb6 Be6 18. Nf3 Bxa2 19. Kg2 Nb3 20. Na4 Na5 21. Nc3 Bb3 22. Ra1 Nc6 23. d4 e6 24. Bb5 Kc7 25. Bxc6 Kxc6 26. Ne5+ Kb7 27. Ra5 Bc2 28. Nxf7 Rg8 29. Nd8+ Kb6 30. Rb5+ Ka7 31. Nc6+ Ka6 32. Rb8 g5 33. b4 Bxb4 34. Nxb4+ 1-0

[Event "AUT-ch Vor3 Internet"]
[Site "Playchess.com INT"]
[Date "2020.04.17"]
[Round "6"]
[White "Mostbauer, Florian"]
[Black "Rieger, Robert"]
[Result "0-1"]
[WhiteElo "2309"]
[BlackElo "2307"]
[PlyCount "41"]
[EventDate "2020.04.17"]
[EventType "swiss (blitz)"]
[EventRounds "9"]
[EventCountry "AUT"]
[SourceTitle "CBM 195 Extra"]
[Source "ChessBase"]
[SourceDate "2020.05.31"]
[SourceVersion "1"]
[SourceVersionDate "2020.05.31"]
[SourceQuality "1"]

1. c4 c5 2. g3 Nf6 3. Bg2 Nc6 4. e3 e5 5. Ne2 d5 6. cxd5 Nxd5 7. 0-0 Be7 8. Nbc3 Nxc3 9. dxc3 h5 10. Qxd8+ Bxd8 11. e4 h4 12. Be3 Be7 13. Rfd1 Be6 14. Nc1 b6 15. Nb3 f6 16. Bf1 hxg3 17. hxg3 Bg4 18. Bb5 Bf3 19. Bxc6+ Kf7 20. Bh6 Rxh6 21. Bxa8 0-1

[Event "AUT-ch Vor1 Internet"]
[Site "Playchess.com INT"]
[Date "2020.04.11"]
[Round "5"]
[White "Rieger, Robert"]
[Black "Meier, Alexander"]
[Result "1-0"]
[WhiteElo "2307"]
[BlackElo "2226"]
[PlyCount "84"]
[EventDate "2020.04.11"]
[EventType "swiss (blitz)"]
[EventRounds "9"]
[EventCountry "AUT"]
[SourceTitle "CBM 195 Extra"]
[Source "ChessBase"]
[SourceDate "2020.05.31"]
[SourceVersion "1"]
[SourceVersionDate "2020.05.31"]
[SourceQuality "1"]

1. e4 c5 2. Nf3 Nc6 3. d4 cxd4 4. Nxd4 g6 5. Nc3 Bg7 6. Be3 Nf6 7. Bc4 0-0 8. Bb3 d6 9. f3 Bd7 10. Qd2 Nxd4 11. Bxd4 b5 12. a4 a6 13. axb5 axb5 14. 0-0 Qc7 15. g3 b4 16. Rxa8 Rxa8 17. Na2 Ba4 18. Bxa4 Rxa4 19. Nxb4 Qc4 20. Bc3 Nd7 21. Bxg7 Kxg7 22. c3 Ne5 23. Kg2 Nc6 24. Qd5 Qxd5 25. Nxd5 e6 26. Ne3 Ne5 27. Rd1 Ra2 28. Rd2 Kf6 29. f4 Nd7 30. e5+ dxe5 31. Rxd7 Rxb2+ 32. Kf3 exf4 33. gxf4 h5 34. Nc4 Rc2 35. Ne5 Rxc3+ 36. Ke4 Kg7 37. Rxf7+ Kh6 38. Rf6 Rh3 39. Rxg6+ Kh7 40. Rg2 Rb3 41. Nf7 Rb5 42. Ng5+ Kh6 1-0

[Event "AUT-ch Vor1 Internet"]
[Site "Playchess.com INT"]
[Date "2020.04.11"]
[Round "8"]
[White "Rieger, Robert"]
[Black "Ragger, Markus"]
[Result "1/2-1/2"]
[WhiteElo "2307"]
[BlackElo "2679"]
[PlyCount "107"]
[EventDate "2020.04.11"]
[EventType "swiss (blitz)"]
[EventRounds "9"]
[EventCountry "AUT"]
[SourceTitle "CBM 195 Extra"]
[Source "ChessBase"]
[SourceDate "2020.05.31"]
[SourceVersion "1"]
[SourceVersionDate "2020.05.31"]
[SourceQuality "1"]

1. e4 e5 2. Nf3 Nc6 3. d4 exd4 4. Nxd4 Nf6 5. Nxc6 bxc6 6. Bd3 d5 7. exd5 cxd5 8. 0-0 Be7 9. c4 c6 10. Nc3 0-0 11. h3 Be6 12. cxd5 cxd5 13. Be3 Qd7 14. Bd4 Rab8 15. Be5 Rb6 16. a3 Qb7 17. b4 Rc8 18. Na4 Rbc6 19. b5 Rc4 20. Bxc4 dxc4 21. Nc3 Nd5 22. Qf3 f6 23. Rfd1 Rd8 24. Bg3 Qa8 25. Qe4 Kf7 26. Re1 Qc8 27. Nxd5 Rxd5 28. Rad1 Rxd1 29. Rxd1 Bxa3 30. Qc6 Qxc6 31. bxc6 c3 32. Bf4 c2 33. Re1 Bb2 34. Bc1 Bc3 35. Re2 Bf5 36. c7 Be5 37. Rxc2 Bc8 38. Rc4 Ke6 39. Ra4 a6 40. Rc4 Kd7 41. Bf4 Bxf4 42. Rxf4 Kxc7 43. Kf1 Kd6 44. Ke2 Bd7 45. Rd4+ Ke6 46. Kd2 a5 47. Kc3 a4 48. Kb4 h5 49. h4 Be8 50. g3 Ke7 51. Re4+ Kf7 52. f3 Bc6 53. Rc4 Bxf3 54. Kxa4 1/2-1/2

[Event "Graz op-A"]
[Site "Graz"]
[Date "2020.02.19"]
[Round "7"]
[White "Rieger, Robert"]
[Black "Halvax, Georg"]
[Result "1/2-1/2"]
[WhiteElo "2320"]
[BlackElo "2428"]
[PlyCount "70"]
[EventDate "2020.02.14"]
[EventType "swiss"]
[EventRounds "9"]
[EventCountry "AUT"]
[SourceTitle "CBM 195 Extra"]
[Source "ChessBase"]
[SourceDate "2020.05.31"]
[SourceVersion "1"]
[SourceVersionDate "2020.05.31"]
[SourceQuality "1"]

1. e4 e5 2. Nf3 Nc6 3. d4 exd4 4. Nxd4 Bb4+ 5. c3 Bc5 6. Nf5 g6 7. Be3 Bxe3 8. Nxe3 Nf6 9. Bd3 0-0 10. c4 Re8 11. Nc3 d6 12. 0-0 Ne5 13. Be2 Ned7 14. f3 b6 15. Qd2 a5 16. Ncd5 Bb7 17. Nc2 b5 18. Rab1 bxc4 19. Bxc4 Ne5 20. Nxf6+ Qxf6 21. Qc3 Kg7 22. Rfd1 c6 23. Ne3 Red8 24. Rd2 d5 25. exd5 Nxc4 26. Nxc4 cxd5 27. Nxa5 d4 28. Qb4 Qf5 29. Rbd1 Bxf3 30. gxf3 Rxa5 31. Rxd4 Qxf3 32. Qxa5 Qe3+ 33. Kf1 Qf3+ 34. Kg1 Qe3+ 35. Kf1 Qf3+ 1/2-1/2

[Event "Graz op-A"]
[Site "Graz"]
[Date "2020.02.17"]
[Round "4"]
[White "Diermair, Andreas"]
[Black "Rieger, Robert"]
[Result "1-0"]
[WhiteElo "2483"]
[BlackElo "2320"]
[PlyCount "99"]
[EventDate "2020.02.14"]
[EventType "swiss"]
[EventRounds "9"]
[EventCountry "AUT"]
[SourceTitle "CBM 195 Extra"]
[Source "ChessBase"]
[SourceDate "2020.05.31"]
[SourceVersion "1"]
[SourceVersionDate "2020.05.31"]
[SourceQuality "1"]

1. d4 d5 2. Nf3 Nf6 3. g3 g6 4. Bg2 Bg7 5. 0-0 0-0 6. c4 c6 7. b3 b6 8. Bb2 Bb7 9. Nc3 Re8 10. Rc1 e6 11. Qc2 Nbd7 12. Rfd1 Rc8 13. e4 Nxe4 14. Nxe4 dxe4 15. Qxe4 Qc7 16. Qc2 e5 17. c5 Bh6 18. Nxe5 Nxe5 19. dxe5 Bxc1 20. Qxc1 bxc5 21. Qc3 Re6 22. Bh3 Ba6 23. Rd6 Rce8 24. Bxe6 Rxe6 25. Qxc5 Qb6 26. Qxb6 axb6 27. Rd8+ Kg7 28. f4 h5 29. h3 c5 30. g4 hxg4 31. hxg4 Bb5 32. Rb8 Bd3 33. Kf2 Be4 34. Kg3 Bb1 35. a3 Bc2 36. b4 cxb4 37. axb4 Bd3 38. Kh4 Kh6 39. Rh8+ Kg7 40. Rd8 Be2 41. f5 gxf5 42. gxf5 Rh6+ 43. Kg3 f6 44. exf6+ Kf7 45. Rd7+ Kf8 46. b5 Bc4 47. Ba3+ Kg8 48. Rg7+ Kh8 49. f7 Bxb5 50. f8Q# 1-0

[Event "AUT-chT2M 1819"]
[Site "Austria"]
[Date "2019.03.01"]
[Round "9.4"]
[White "Wanderer, Thomas"]
[Black "Rieger, Robert"]
[Result "1/2-1/2"]
[WhiteElo "2204"]
[BlackElo "2286"]
[PlyCount "38"]
[EventDate "2018.10.19"]
[EventType "team-tourn"]
[EventRounds "11"]
[EventCountry "AUT"]
[SourceTitle "CBM 189 Extra"]
[Source "ChessBase"]
[SourceDate "2019.06.03"]
[SourceVersion "1"]
[SourceVersionDate "2019.06.03"]
[SourceQuality "1"]
[WhiteTeam "Gleisdorf"]
[BlackTeam "Maria Saal II"]
[WhiteTeamCountry "AUT"]
[BlackTeamCountry "AUT"]

1. Nf3 Nf6 2. c4 e6 3. g3 d5 4. b3 Be7 5. Bg2 0-0 6. 0-0 b6 7. Bb2 Bb7 8. e3 c5 9. Qe2 Nc6 10. Rd1 dxc4 11. bxc4 Qc7 12. Nc3 a6 13. Rac1 Rfd8 14. d4 Na5 15. Na4 Bc6 16. Qc2 Be4 17. Qe2 Bc6 18. Qc2 Be4 19. Qe2 Bc6 1/2-1/2

[Event "AUT-chT2M 1819"]
[Site "Austria"]
[Date "2018.10.21"]
[Round "3.3"]
[White "Rieger, Robert"]
[Black "Kilgus, Georg"]
[Result "0-1"]
[WhiteElo "2286"]
[BlackElo "2416"]
[PlyCount "96"]
[EventDate "2018.10.19"]
[EventType "team-tourn"]
[EventRounds "11"]
[EventCountry "AUT"]
[SourceTitle "CBM 187 Extra"]
[Source "ChessBase"]
[SourceDate "2018.11.04"]
[SourceVersion "1"]
[SourceVersionDate "2018.11.04"]
[SourceQuality "1"]
[WhiteTeam "Maria Saal II"]
[BlackTeam "Grieskirchen/Bad Schallenberg"]
[WhiteTeamCountry "AUT"]
[BlackTeamCountry "AUT"]

1. e4 c5 2. Nf3 g6 3. d4 Bg7 4. Nc3 cxd4 5. Nxd4 Nc6 6. Be3 Nf6 7. Bc4 0-0 8. Bb3 Qa5 9. 0-0 d6 10. h3 Bd7 11. Nf3 Rac8 12. Re1 Rfd8 13. Qe2 Ne8 14. Bd2 Qh5 15. Rad1 Nc7 16. Nd5 Nxd5 17. exd5 Ne5 18. Nxe5 Qxe2 19. Rxe2 Bxe5 20. c3 f5 21. Bg5 Kf7 22. Rde1 Re8 23. a4 Bf6 24. Be3 b6 25. f4 Rb8 26. Kf2 h5 27. Ra1 Rec8 28. Rd2 Rc7 29. Kf3 h4 30. Bf2 Bc8 31. g4 hxg3 32. Kxg3 Bd7 33. h4 Rh8 34. Rh1 Rcc8 35. Rdd1 Bxc3 36. Rb1 Bf6 37. Bd1 Rh6 38. b4 Rch8 39. h5 gxh5 40. a5 h4+ 41. Kh3 Rb8 42. axb6 axb6 43. Rc1 Rb7 44. Be2 b5 45. Rc2 Rh8 46. Rhc1 Ra8 47. Rc7 Rxc7 48. Rxc7 Be8 0-1

[Event "Steyr Landesliga 1718"]
[Site "Austria"]
[Date "2018.04.14"]
[Round "11.2"]
[White "Birk, Steffen"]
[Black "Rieger, Robert"]
[Result "1-0"]
[WhiteElo "2202"]
[BlackElo "2301"]
[PlyCount "95"]
[EventDate "2017.09.30"]
[EventType "team-tourn"]
[EventRounds "11"]
[EventCountry "AUT"]
[SourceTitle "EXT 2021"]
[Source "ChessBase"]
[SourceDate "2020.10.23"]
[SourceVersion "1"]
[SourceVersionDate "2020.10.23"]
[SourceQuality "1"]
[WhiteTeam "Graz Schachfreunde II"]
[BlackTeam "Leibnitz"]
[WhiteTeamCountry "AUT"]
[BlackTeamCountry "AUT"]

1. e4 c5 2. Nf3 Nc6 3. d4 cxd4 4. Nxd4 g6 5. c4 Nf6 6. Nc3 d6 7. Be2 Nxd4 8. Qxd4 Bg7 9. Bg5 0-0 10. Qd2 a5 11. 0-0 a4 12. Rfd1 Be6 13. f3 Re8 14. Rac1 Nd7 15. Be3 f5 16. exf5 gxf5 17. Nd5 Nc5 18. Bd4 Bf7 19. Bxg7 Kxg7 20. b4 axb3 21. axb3 Bxd5 22. cxd5 Rf8 23. Rc4 Rf6 24. b4 Nd7 25. f4 Rc8 26. Rxc8 Qxc8 27. Rc1 Qd8 28. Qd4 Kf7 29. Bh5+ Kg8 30. Bf3 Nb6 31. Qc3 Qa8 32. Qe3 Qd8 33. h3 Rf8 34. Re1 Nc8 35. Qe6+ Kg7 36. Qe3 Rf7 37. Bh5 Rf6 38. Kh2 Kf8 39. Rc1 Nb6 40. Bf3 Kg8 41. Qd4 Rf8 42. Rc3 h6 43. Bh5 Kh7 44. Rg3 Rf6 45. Be2 Nd7 46. Bd3 Qf8 47. Re3 Kg8 48. Qa7 1-0

[Event "Steyr Landesliga 1718"]
[Site "Austria"]
[Date "2018.03.10"]
[Round "9.2"]
[White "Egger, Andreas"]
[Black "Rieger, Robert"]
[Result "0-1"]
[WhiteElo "2079"]
[BlackElo "2301"]
[PlyCount "48"]
[EventDate "2017.09.30"]
[EventType "team-tourn"]
[EventRounds "11"]
[EventCountry "AUT"]
[SourceTitle "EXT 2019"]
[Source "ChessBase"]
[SourceDate "2018.10.10"]
[SourceVersion "1"]
[SourceVersionDate "2018.10.10"]
[SourceQuality "1"]
[WhiteTeam "Spg ISR"]
[BlackTeam "Leibnitz"]
[WhiteTeamCountry "AUT"]
[BlackTeamCountry "AUT"]

1. d4 d5 2. Nf3 Nf6 3. c4 c6 4. b3 Bf5 5. e3 e6 6. Be2 Nbd7 7. 0-0 Ne4 8. Nfd2 Bd6 9. f3 Qh4 10. f4 g5 11. Nf3 Qh6 12. Ne5 gxf4 13. exf4 Rg8 14. Bf3 Rg7 15. c5 Ndxc5 16. Ba3 Qxf4 17. Qe1 Nd3 18. Bxe4 Rxg2+ 19. Bxg2 Qxd4+ 20. Kh1 Nxe1 21. Bxd6 Nxg2 22. Na3 Be4 23. h3 Ne3+ 24. Kh2 Qd2+ 0-1